| 000 | 01563nam a2200457 i 4500 | ||
|---|---|---|---|
| 001 | 55765 | ||
| 003 | KOSZ 005 | ||
| 005 | 20221209142325.0 | ||
| 008 | 080410s2007 pl a f |000 0 pol | ||
| 015 | _aUWD 2008/11967 | ||
| 020 | _a9788360197523 | ||
| 035 | _a991041008639705066 | ||
| 035 | _a(PL-WaBN)b20951279-48omnis_nlop | ||
| 035 | _ab20951279 | ||
| 035 | _a(OCoLC)749520314 | ||
| 035 | _a(PL)b0000002095127 | ||
| 035 | _a(EXLNZ-48OMNIS_NETWORK)9910161548105606 | ||
| 040 |
_aWA N _cWA N _dKOSZ 005/HR |
||
| 046 | _k2007 | ||
| 080 | _a338.486 | ||
| 080 | _a(075.8) | ||
| 100 | 1 |
_aSarnowski, Janusz _eAutor |
|
| 245 | 1 | 0 |
_aZarządzanie przedsiębiorstwem turystycznym / _cJanusz Sarnowski, Edward Kirejczyk. |
| 260 |
_aWarszawa : _bAlmaMer Wyższa Szkoła Ekonomiczna, _c2007. |
||
| 300 |
_a292, [1] s. : _bil. ; _c24 cm. |
||
| 336 |
_aTekst _btxt _2rdacontent |
||
| 337 |
_aBez urządzenia pośredniczącego _bn _2rdamedia |
||
| 338 |
_aWolumin _bnc _2rdacarrier |
||
| 380 | _aKsiążki | ||
| 388 | _a2001- | ||
| 504 | _aBibliogr. s. 285-290 i przy rozdz. | ||
| 650 | 7 |
_aPrzedsiębiorstwo turystyczne _2DBN |
|
| 655 | 7 |
_aPodręczniki akademickie _2DBN |
|
| 658 | _aGospodarka, ekonomia, finanse | ||
| 658 | _aZarządzanie i marketing | ||
| 700 | 1 |
_aKirejczyk, Edward _eAutor |
|
| 710 | 2 |
_aAlmamer Wyższa Szkoła Ekonomiczna _4pbl |
|
| 856 |
_uhttp://koha.tu.koszalin.pl/cgi-bin/koha/opac-detail.pl?biblionumber=55765 _yKatalog online BPK |
||
| 942 |
_2UKD _cKS |
||
| 999 |
_c55765 _d55765 |
||